Эффективность управления земельно-имущественным комплексом в хозяйственном обществе; Проблемы геологии и освоения недр; Т. 1

Podrobná bibliografie
Parent link:Проблемы геологии и освоения недр=Problems of Geology and Subsurface Development: труды XXIV Международного симпозиума имени академика М. А. Усова студентов и молодых учёных, посвященного 75-летию Победы в Великой Отечественной войне, Томск, 6-10 апреля 2020 г./ Национальный исследовательский Томский политехнический университет, Инженерная школа природных ресурсов ; гл. ред. А. С. Боев ; под ред. Е. Ю. Пасечник.— , 2020
Т. 1.— 2020.— [С. 438-440]
Hlavní autor: Дулько А. Б.
Korporativní autor: Национальный исследовательский Томский политехнический университет
Další autoři: Базавлук В. А. Владимир Алексеевич (научный руководитель)
Shrnutí:Заглавие с экрана
Jazyk:ruština
Vydáno: 2020
Edice:Землеустройство, кадастр и мониторинг земель
Проблемы и перспективы развития земельно-имущественных отношений, землеустройства и единого государственного реестра недвижимости
Témata:
On-line přístup:http://earchive.tpu.ru/handle/11683/62688
Médium: Elektronický zdroj Kapitola
KOHA link:https://koha.lib.tpu.ru/cgi-bin/koha/opac-detail.pl?biblionumber=631365

MARC

LEADER 00000naa2a2200000 4500
001 631365
005 20231102024528.0
035 |a (RuTPU)RU\TPU\conf\33066 
035 |a RU\TPU\conf\33065 
090 |a 631365 
100 |a 20200827d2020 k y0rusy50 ca 
101 0 |a rus 
102 |a RU 
105 |a y z 100zy 
135 |a drgn ---uucaa 
181 0 |a i  
182 0 |a b 
200 1 |a Эффективность управления земельно-имущественным комплексом в хозяйственном обществе  |f А. Б. Дулько  |g науч. рук. В. А. Базавлук 
203 |a Текст  |c электронный 
225 1 |a Землеустройство, кадастр и мониторинг земель 
225 1 |a Проблемы и перспективы развития земельно-имущественных отношений, землеустройства и единого государственного реестра недвижимости 
230 |a 1 компьютерный файл (pdf; 1 313 Kb) 
300 |a Заглавие с экрана 
320 |a [Библиогр.: с. 439-440 (4 назв.)] 
461 1 |0 (RuTPU)RU\TPU\conf\32983  |t Проблемы геологии и освоения недр  |l Problems of Geology and Subsurface Development  |o труды XXIV Международного симпозиума имени академика М. А. Усова студентов и молодых учёных, посвященного 75-летию Победы в Великой Отечественной войне, Томск, 6-10 апреля 2020 г.  |o в 2 т.  |f Национальный исследовательский Томский политехнический университет, Инженерная школа природных ресурсов ; гл. ред. А. С. Боев ; под ред. Е. Ю. Пасечник  |d 2020 
463 1 |0 (RuTPU)RU\TPU\conf\32984  |t Т. 1  |v [С. 438-440]  |d 2020 
610 1 |a труды учёных ТПУ 
610 1 |a электронный ресурс 
610 1 |a эффективность 
610 1 |a управление 
610 1 |a земельно-имущественные комплексы 
610 1 |a хозяйственные общества 
610 1 |a имущественные права 
610 1 |a функционирование 
610 1 |a прибыль 
700 1 |a Дулько  |b А. Б. 
702 1 |a Базавлук  |b В. А.  |c геолог  |c доцент Томского политехнического университета, кандидат технических наук  |f 1938-  |g Владимир Алексеевич  |2 stltpush  |4 727 
712 0 2 |a Национальный исследовательский Томский политехнический университет  |c (2009- )  |2 stltpush  |3 (RuTPU)RU\TPU\col\15902  |9 26305 
801 2 |a RU  |b 63413507  |c 20200925  |g RCR 
856 4 |u http://earchive.tpu.ru/handle/11683/62688 
942 |c BK